Statistics for 12 Fundamental Particles

Click here to take the quiz!

General Stats

  • This quiz has been taken 114 times
  • The average score is 13 of 17

Answer Stats

HintAnswer% Correct
QuarkDown
96%
QuarkUp
96%
QuarkStrange
93%
LeptonElectron
92%
QuarkCharm
86%
QuarkBottom
83%
LeptonMuon
83%
QuarkTop
83%
ForcePhoton
81%
LeptonTau
78%
ForceGluon
74%
LeptonElectron Neutrino
71%
LeptonMuon Neutrino
67%
LeptonTau Neutrino
67%
ForceGraviton
63%
ForceW Boson
58%
ForceZ Boson
56%

Score Distribution

Percentile by Number Answered

Percent of People with Each Score

Your Score History

You have not taken this quiz